Catálogo
 En Linea

Lo que creen los bautistas : (Registro nro. 35700)

Detalles MARC
000 -CABECERA
campo de control de longitud fija 00526nam a2200145 a 4500
001 - NÚMERO DE CONTROL
campo de control 000036209
005 - FECHA Y HORA DE LA ÚLTIMA TRANSACCIÓN
campo de control 20200930074946.0
008 - DATOS DE LONGITUD FIJA--INFORMACIÓN GENERAL
campo de control de longitud fija 120111s19uu xxu 000 0 spa d
040 ## - FUENTE DE LA CATALOGACIÓN
Centro catalogador/agencia de origen DO-SdBNP
Lengua de catalogación spa
Centro/agencia transcriptor BNPHU
082 ## - NÚMERO DE LA CLASIFICACIÓN DECIMAL DEWEY
Número de clasificación xxx
Número de documento/Ítem W187l
100 1# - ENTRADA PRINCIPAL--NOMBRE DE PERSONA
Nombre de persona Wallace, O.C.S
9 (RLIN) 62273
245 13 - MENCIÓN DE TÍTULO
Título Lo que creen los bautistas :
Resto del título Exposición de la confesión de fe de Nuevo Hampshire /
Mención de responsabilidad, etc. O.C.S. Wallace ; traductor A. Vélez.
260 ## - PUBLICACIÓN, DISTRIBUCIÓN, ETC.
Lugar de publicación, distribución, etc. El Paso, Texas, Estados Unidos :
Nombre del editor, distribuidor, etc. Casa Bautista de Publicaciones,
Fecha de publicación, distribución, etc. [19uu]?
300 ## - DESCRIPCIÓN FÍSICA
Extensión 192 p. ;
Dimensiones 20 cm.
Existencias
Estado de retiro Estado de pérdida Restricciones de uso No para préstamo Código de colección Localización permanente Ubicación/localización actual Ubicación en estantería Fecha de adquisición Número de inventario Total de préstamos Signatura topográfica completa Código de barras Fecha visto por última vez Precio válido a partir de Tipo de ítem Koha
      Excluido de préstamo Monografías: Libros y Folletos General General En catalogación 11.01.2012 LF1   xxx W187l 36209-10 25.06.2020 25.06.2020 No se presta

Con tecnología Koha